| 000 | 00395pab a2200157 454500 | ||
|---|---|---|---|
| 008 | 180718b2011 xxu||||| |||| 00| 0 eng d | ||
| 100 | _aAllan, T.R.S. | ||
| 245 | _aJudicial deference and judicial review: Legal doctrine and legal theory | ||
| 260 | _c2011 | ||
| 300 | _ap.96-117. | ||
| 362 | _aJan | ||
| 650 | _aJudiciary | ||
| 773 | _aLaw Quarterly Review | ||
| 908 | _aN | ||
| 909 | _a92404 | ||
| 999 |
_c92404 _d92404 |
||